Normal view
MARC view
Entry Personal Name
001 - CONTROL NUMBER
- control field: 165939
003 - CONTROL NUMBER IDENTIFIER
- control field: OSt
005 - DATE AND TIME OF LATEST TRANSACTION
- control field: 20220923222111.0
008 - FIXED-LENGTH DATA ELEMENTS
- fixed length control field: 220923|| aca||aabn | a|a d
040 ## - CATALOGING SOURCE
- Original cataloging agency: OSt
- Transcribing agency: OSt
100 ## - HEADING--PERSONAL NAME
- Personal name: नाथ, द्विजेन्द्रलाल; घोष, मीता, अनु
670 ## - SOURCE DATA FOUND
- Source citation: Work cat.: (OSt)353823: नाथ, द्विजेन्द्रलाल; घोष, मीता, अनु., मोहितलाल मजूमदार, 1990
